Value Preferences and Frustration in the Workplace

Faktor finančnej odmeny ako nerozhodujúci pre udržanie zamestnanca. Ďalšie faktory ovplyvňujúce mieru fluktuácie, ako napríklad spokojnosť s prácou. Zmapovanie hodnotových preferencií zamestnancov na dvoch oddeleniach vybraného zdravotníckeho zariadenia v Českej republike. Rozsah nastavenia hodnôt m...

Descrizione completa

Salvato in:
Dettagli Bibliografici
Autore principale: Glaserová, Martina
Natura: Capitolo di libro
Lingua:inglese
Soggetti:
Tags: Aggiungi Tag
Nessun Tag, puoi essere il primo ad aggiungerne!!

MARC

LEADER 00000naa a2200000 4500
001 0268208
005 20200903132144.1
041 0 |a eng 
044 |a CZ 
245 1 0 |a Value Preferences and Frustration in the Workplace  |c Martina Glaserová 
520 |a Faktor finančnej odmeny ako nerozhodujúci pre udržanie zamestnanca. Ďalšie faktory ovplyvňujúce mieru fluktuácie, ako napríklad spokojnosť s prácou. Zmapovanie hodnotových preferencií zamestnancov na dvoch oddeleniach vybraného zdravotníckeho zariadenia v Českej republike. Rozsah nastavenia hodnôt manažérmi odrážajúci sa v ich štýle riadenia a ako ovplyvňuje frustráciu ich podriadených. Identifikáciou nastavenia hodnôt zamestnancov a ich zosúladením s organizáciou je možné lepšie pochopiť vnútorné prostredie organizácie v súvislosti so snahou udržať si zamestnancov. 
610 2 0 |a zamestnanci 
610 2 0 |a fluktuácia 
610 2 0 |a manažéri 
610 2 0 |a riadenie ľudských zdrojov 
610 2 0 |a zdravie duševné 
100 1 |a Glaserová, Martina